000 00482nam a22001697a 4500
003 MACL
005 20160428135728.0
008 160428b xxu||||| |||| 00| 0 eng d
040 _cMACL
041 _aHindi
082 _a800
100 _aअंजनी कुमार
_951210
245 _aकविता की भूमिका
260 _aदिल्‍ली
_bइण्डियन बुक बैंक
_c2003
650 _aLiteracture
_954583
942 _2ddc
_cHIN
999 _c53881
_d53881